The Importance of Transportation in the Slovakia Vietnam Business Decisions About the Importing or Exporting of Goods

Globalizácia a geografická fragmentácia globálnych výrobných procesov charakterizovala expanziu medzinárodného obchodu. V dôsledku toho sa dodávateľské reťazce predĺžili a skomplikovali, čím sa doprava stala kľúčovým faktorom pri obchodných rozhodnutiach o vývoze alebo dovoze tovaru. Analýzou export...

Celý popis

Uložené v:
Podrobná bibliografia
Hlavný autor: Khúlová, Lucia, 1984-
Médium: Kapitola
Jazyk:English
Predmet:
Tagy: Pridať tag
Žiadne tagy, Buďte prvý, kto otaguje tento záznam!

MARC

LEADER 00000naa a2200000 4500
001 0304634
005 20241025103946.3
041 0 |a eng 
044 |a IT 
245 1 0 |a The Importance of Transportation in the Slovakia Vietnam Business Decisions About the Importing or Exporting of Goods  |c Lucia Khúlová 
520 |a Globalizácia a geografická fragmentácia globálnych výrobných procesov charakterizovala expanziu medzinárodného obchodu. V dôsledku toho sa dodávateľské reťazce predĺžili a skomplikovali, čím sa doprava stala kľúčovým faktorom pri obchodných rozhodnutiach o vývoze alebo dovoze tovaru. Analýzou exportu a importu tovaru medzi Slovenskom a Vietnamom si táto práca kladie za cieľ určiť najlepší spôsob dopravy z hľadiska dopravných modalít. Inak povedané, využíva prípadovú štúdiu, index LPI a výsledky primárneho výskumu na identifikáciu kvalitatívnych ukazovateľov dopravy, keď spoločnosti dovážajú alebo vyvážajú tovar z Vietnamu na Slovensko. Zamerali sme sa aj na skúmanie makroekonomických faktorov – dohôd medzi Európskou úniou (Slovensko ako člen EÚ) a Vietnamom, ktoré ovplyvňujú medzinárodný obchod. 
610 2 0 |a vývoz 
610 2 0 |a dovoz 
610 2 0 |a doprava 
610 2 0 |a preprava 
610 2 0 |a tovar 
610 2 0 |a Slovensko 
610 2 0 |a Vietnam 
100 1 |a Khúlová, Lucia, 1984-